000 00826nam a2200241 i 4500
001 110737
003 ES-MaACL
005 20230906185141.0
007 t|
008 070124m19161920sp ||||1| spa d
080 _a347.27(460)
100 1 _aMorell y Terry, José.
_983249
245 1 0 _aComentarios a la legislación hipotecaria /
_cJ. Morell y Terry.
260 _aMadrid :
_bHijos de Reus,
_c1916-1920.
300 _a6 v. ;
_c23 cm.
490 1 _aBiblioteca jurídica de autores españoles y extranjeros ;
_v19-22, 31-32
650 4 _aHipotecas-
_zEspaña.
_913364
710 1 _aEspaña.
_bLeyes, etc., hipotecarias.
_93835
830 0 _aBiblioteca jurídica de autores españoles y extranjeros ;
_v19-22, 31-32
_9182228
852 _aES-MaACL
_jE-3040-43
852 _aES-MaACL
_jE-3052-53
999 _c110737
_d110737